Směrnice Rady Evropských společenství k rozvoji železničných podniků.
Železničnou dopravou a rozvojom železničných podnikov v krajinách ES sa zaoberá smernica č. 91/440 EHS z 29.7.1991. Riešia sa v nej tieto oblasti: a) Nezávislosť riadenia podnikov železničnej dopravy, b) Oddelenie procesu infraštruktúry od výkonu dopravných služieb, c) Finančné ozdravenie, d) Voľný...
Na minha lista:
| Autor principal: | |
|---|---|
| Formato: | Capítulo de Livro |
| Idioma: | tcheco |
| Assuntos: | |
| Tags: |
Sem tags, seja o primeiro a adicionar uma tag!
|
MARC
| LEADER | 00000naa a2200000 4500 | ||
|---|---|---|---|
| 001 | r009289 | ||
| 005 | 20220831083405.8 | ||
| 041 | 0 | |a cze | |
| 044 | |a [CS] | ||
| 245 | 1 | 0 | |a Směrnice Rady Evropských společenství k rozvoji železničných podniků. |c Karel Pivoňka |
| 520 | |a Železničnou dopravou a rozvojom železničných podnikov v krajinách ES sa zaoberá smernica č. 91/440 EHS z 29.7.1991. Riešia sa v nej tieto oblasti: a) Nezávislosť riadenia podnikov železničnej dopravy, b) Oddelenie procesu infraštruktúry od výkonu dopravných služieb, c) Finančné ozdravenie, d) Voľný prístup k železničnej infraštruktúre. | ||
| 610 | 2 | 0 | |a doprava železničná |
| 610 | 2 | 0 | |a Európske spoločenstvá |
| 610 | 2 | 0 | |a podnik dopravný |
| 610 | 2 | 0 | |a riadenie podnikové |
| 610 | 2 | 0 | |a infraštruktúra |
| 610 | 2 | 0 | |a smernice |
| 610 | 2 | 0 | |a financovanie |
| 100 | 1 | |a Pivoňka, Karel | |